000 00424nam a2200169 a 4500
001 30567
005 20180713233813.0
008 140415d 000 0 spa d
020 _a8448108515
041 _aspa
082 _a658
100 1 _aA. J. FARIA
245 1 0 _aCOMPETE SIMULACION DINAMICA DE MARKETING
250 _a4ª EDICIÓN
260 _a[s.l.] :
_bMC GRAW HILL,
_c[s.f.]
520 _aCG
999 _c30567
_d30567